• 首页
  • 本馆介绍
  • 公告通知
  • 最新文献
  • 馆藏检索
  • 电子资源
  • 读者导购
  • 参考咨询
  • 我的图书馆
  • 登录
  • 详细信息显示
  • 放入我的书架
  • 预约/预借图书
  • 作者相关作品
  • 分类相关作品
  • 丛书相关作品
  • 出版社相关作品

书目信息

  • 表格格式
  • 工作单格式
  • 卡片格式
书名: 英美缩略词词典
作者: 布鲁什金著.
分册号:
分册名:
出版地: 莫斯科,
 
出版社:
出版时间: 1957.
页数: 767 p. ;
开本: 20cm.
丛书名:
中图分类号:
科图分类号:
其他分类号: H313.6-61
主题词:
电子资源:
000 00425nam 2200181 a 4500
001 E0754351254
005 20070729151009.11
008 070729s1957 00010 eng
020    @cCNY1.63.
040    @aPFT@bchi
041    @achi@hrus
090    @aH313.6-61
099    @dH313.6-61@ex84=3
245 1  @a英美缩略词词典 / @c布鲁什金著.
250    @a3版.
260    @a莫斯科,@c1957.
300    @a767 p. ;@c20cm.
700    @a布鲁什金著
    
    英美缩略词词典 / / 布鲁什金著.-3版.-莫斯科, , 1957.
    767 p. ; ; 20cm.
    
    
    ISBN CNY1.63.
    
●
相关链接 在E读中查询图书 在五车中查询图书 在当当中查询图书 在豆瓣中查询图书


正题名:英美缩略词词典     索取号:H313.6-61/x84=3         预约/预借

序号 登录号 条形码 馆藏地/架位号 状态 备注
1 14653   300146535   第二样本阅览室/ [索取号:H313.6-61/x84=3] 在馆    
唐山师范学院图书馆 欢迎您!
大连网信软件有限公司© 版权所有